000 00465nam a2200181Ia 4500
003 GCL
008 140319s9999 xx 000 0 eng d
040 _aGCL /
_cGCL
082 0 4 _a620.1
_bH A
100 1 _aHANNAH, J.
245 1 0 _aAPPLIED MECHANICS /
_cHANNAH, J.
700 1 _aHILLIER, M. J.
260 _a[S.N] :
_bELBS LONGMAN ،
_c1994
300 _a512\P
650 0 4 _aالتحليل الرياضى
650 0 4 _aMECHANICS ENGINEERING
942 _2ddc
_cBK
999 _c19912
_d19912